Statistiques concernant Films avec Sandrine Bonnaire par image

Cliquez ici pour prendre le quiz!

Statistiques générales

  • Ce quiz a été pris 22 fois
  • Le résultat moyen est 6 sur 16

Statistiques - réponses

Réponse% Correct
La Cérémonie
94%
Monsieur Hire
94%
Jeanne la Pucelle
88%
Sans toit ni loi
81%
Sous le soleil de Satan
81%
À nos amours
56%
Au cœur du mensonge
19%
Les Innocents
19%
Quelques jours avec moi
19%
Confidences trop intimes
13%
Salaud, on t'aime
13%
La Captive du désert
6%
La Puritaine
6%
Peaux de vaches
0%
Secret défense
0%
Une saison en France
0%

Distribution des résultats

Percentile par nombre de réponses

% des personnes avec chaque résultat

Votre développement - résultats

Vous n’avez pas pris ce quiz